=LDR 00000nam 2200000 4500 =001 INLIS000000000033482 =005 20130612135431 =008 ***********************************ind** =035 ##$$0010-061300000033482 =041 ##$$a ind =082 ##$$a 381.1 =090 ##$$a 381.1, Set f =100 ##$$a SETIAWAN, Deden =245 ##$$a Franchise Guiden Series - Ritel / Deden Setiawan =260 ##$$a 2007 $b Jakarta =300 ##$$a viii, 120 hlm =650 ##$$a Perdagangan - Eceran =850 ##$$a NBPNMAT